Conseils régionaux par images - Statistiques

Statistiques générales
  • Ce quiz a été pris 17 fois
  • Le résultat moyen est 11 sur 17
Statistiques - réponses
Par images Réponse % Correct
Bourgogne-Franche-Comté
80%
Corse
80%
Occitanie
73%
Centre-Val-de-Loire
67%
Île-de-France
67%
Normandie
67%
Pays-de-la-Loire
67%
Réunion
67%
Auvergne-Rhône-Alpes
60%
Hauts-de-France
60%
Martinique
60%
Nouvelle-Aquitaine
60%
Provence-Alpes-Côte-d'Azur
60%
Bretagne
53%
Guyane
53%
Guadeloupe
47%
Grand Est
40%
Aucun quiz correspondant
Distribution des résultats
% des personnes avec chaque résultat
Percentile par nombre de réponses
Votre historique - résultats
Vous n’avez pas pris ce quiz